=LDR 00000nam 2200000 4500 =001 000626 =005 20250711115041 =035 ##$$a 0010-0725000494 =007 ta =008 250711################a##########0#ind## =020 ##$$a 978-623-118- 910-3 =082 ##$$a 398.209 598 =084 ##$$a 398.209 598 DEW k =100 #$$a Dewi, Nila Chyntia =245 1#$$a Keajaiban di Langit /$c Nila Cynthia Dewi =250 ##$$a Cetakan Pertama =260 ##$$a Jakarta Timur :$b Kementrian Pendidikan, Kebudayaan, Riset, dan Teknologi,$c 2024 =300 ##$$a 24 hlm. : $b Ilus. ; $c 29,7 cm =650 #4$$a Cerita Anak - Indonesia =650 #4$$a Kesusastraan Anak =856 ##$$a TBM As-Suhada =990 ##$$a TBM03930393